| 000 | 01459nam a22001577a 4500 | ||
|---|---|---|---|
| 999 |
_c519050 _d519050 |
||
| 008 | 220124b ||||| |||| 00| 0 eng d | ||
| 100 |
_a Pulipaka, Sanjay and Gar, Libni _931945 |
||
| 245 | _aIndia and Vietnam in the Indo-Pacific | ||
| 260 | _aIndia Quarterly | ||
| 300 | _a77(2), Jun, 2021: p.143-158 | ||
| 520 | _aThe international order today is characterised by power shift and increasing multipolarity. Countries such as India and Vietnam are working to consolidate the evolving multipolarity in the Indo-Pacific. The article maps the convergences in the Indian and Vietnamese foreign policy strategies and in their approaches to the Indo-Pacific. Both countries confront similar security challenges, such as creeping territorial aggression. Further, India and Vietnam are collaborating with the United States and Japan to maintain a favourable balance of power in the Indo-Pacific. While Delhi and Hanoi agree on the need to reform the United Nations, there is still some distance to travel to find a common position on regional economic architectures. The India–Vietnam partnership demonstrates that nation-states will seek to define the structure of the international order and in this instance by increasing the intensity of multipolarity. – Reproduced | ||
| 650 |
_aAct East policy, ASEAN, India, Indo-Pacific, Quad, Vietnam _929243 |
||
| 773 | _aIndia Quarterly | ||
| 906 | _aINDIA - INTERNATIONAL RELATIONS - VIETNAM | ||
| 942 | _cAR | ||